000 00545cam a22002291 4500
001 sa 68014017
003 DLC
005 20260227112628.0
008 900123s1964 xx c 000 0 nepo
010 _asa 68014017
035 _a(OCoLC)20947013
040 _aDLC
_cWaU
_dDLC
042 _apremarc
050 0 0 _aBJ1185.N4
_bA3
100 1 _aAdhikari, Harihar,
_d1923-
245 1 0 _aViśva-śāntiko bāṭo.
260 _c[1964?]
300 _a5, 76 p.
_bport.
_c18 cm.
500 _aIn Nepali.
650 0 _aEthics.
650 0 _aPeace.
999 _c85510
_d85510